| 000 | 01033cam a2200217 4500 | ||
|---|---|---|---|
| 001 | ABS61839 | ||
| 008 | 000000n2000 000 0 eng u | ||
| 035 | _a(Sirsi) u104072 | ||
| 245 | _aLewin v Barratt Homes Ltd | ||
| 260 | _c2000 | ||
| 490 |
_aEstates Gazette Law Reports _v[2000] 03 EG 132-136(5) |
||
| 520 | _aQBD 19 November 1999. B was a developer of private houses. L was a trading standards officer who claimed B had misled two prospective purchasers about the external design of their houses. There were four charges against the developer in respect of false and misleading statements. Magistrates dismissed the charges on the grounds that they were promises as to the future and not statements of existing fact. L appealed. Appeal allowed. | ||
| 590 | _aABS | ||
| 650 | _aLEWIN V BARRATT HOMES LTD | ||
| 650 | _aPROPERTY MISDESCRIPTIONS ACT 1991 | ||
| 650 | _aTRADING STANDARDS | ||
| 650 | _aDEVELOPERS | ||
| 650 | _aHOUSING DESIGN | ||
| 690 | _aPROPERTY AND LAND LAW-AGENCY-RESIDENTIAL-CASE LAW | ||
| 942 | _n0 | ||
| 999 |
_c62452 _d62452 |
||